000 00513nam a2200133Ia 4500
008 171212s9999 xx 000 0 und d
020 _a9780987073068
100 _aVink, Robert;Nechifor, Mihai
245 _cVink, Robert;Nechifor, Mihai
_aMagnesium in the Central Nervous System
260 _bUniversity of Adelaide Press
_c2011
650 _aHealth Sciences
650 _aMagnesium -- Physiological effect; Magnesium in the body; Central nervous system
856 _uhttp://jstor.org/stable/10.20851/j.ctt1t3055m
999 _c352933
_d352933